ბათუმის შოთა რუსთაველის სახელმწიფო უნივერსიტეტის ბიბლიოთეკა

რკინაბეტონის კონსტრუქციების გაანგარიშება : (ბიბ.ჩანაწერი № 56915)

000 -ლიდერი
ფიქსირებული სიგრძის საკონტროლო ველი 01023nam a22001457a 4500
003 - საკონტროლო ნომრის იდენტიფიკატორი
საკონტროლო ველი Ge_BSU
005 - ბოლო ოპერაციის თარიღი და დრო
საკონტროლო ველი 20190618162452.0
008 - ფიქსირებული სიგრძის მონაცემთა ელემენტები - ზოგადი ინფორმაცია
ფიქსირებული სიგრძის საკონტროლო ველი 190618b1980 ge ||||| |||| 00| 0 geo d
041 ## - ენის კოდი
Language code of text/sound track or separate title geo
080 ## - უნივერსალური ათობითი კლასიფიკაციის ინდექსი
Universal Decimal Classification number 624.012.4 რ-70
245 ## - ცნობა სათაურის შესახებ
Title რკინაბეტონის კონსტრუქციების გაანგარიშება :
Remainder of title (ნორმატიული მასალები და ცხრილები საკურსო და სადიპლომო დაპროექტებისათვის) /
Statement of responsibility, etc საქ. პოლიტექნ. ინ-ტი, ხიდებისა და რკინაბეტონის კონსტრუქციების კათედრა.
300 ## - ფიზიკური აღწერა
Extent 54 გვ. :
Other physical details ილ. ;
Dimensions 21 სმ.
710 ## - ADDED ENTRY--CORPORATE NAME
Corporate name or jurisdiction name as entry element საქ. პოლიტექნ. ინ-ტი
Subordinate unit ხიდებისა და რკინაბეტონის კონსტრუქციების კათედრა
9 (RLIN) 2558
942 ## - ADDED ENTRY ELEMENTS (KOHA)
Source of classification or shelving scheme
Koha item type წიგნი
ეგზემპლარები
ჩამოწერის სტატუსი დაკარგული ეგზემპლარის სტატუსი კლასიფიკაციის წყარო ან თაროზე გაწყობის სქემა დაზიანების სტატუსი არ გაიცემა მუდმივი მდებარეობა (დაცვის ადგილი) ამჟამინდელი ადგილსამყოფელი თაროზე განთავსების ადგილი შეძენის თარიღი ღირებულება, შესყიდვის ნორმალური ფასი სრული შენახვის შიფრი შტრიხკოდი ბოლო ოპერაციის თარიღი ეგზემპლარის მიმდევრობითი ნომერი (კეტერი?) ფასის ძალაში შესვლის თარიღი ეგზემპლარის სახეობა საჯარო შენიშვნა
          ტექნოლოგიური ფაკულტეტის ბიბლიოთეკა ტექნოლოგიური ფაკულტეტის ბიბლიოთეკა წიგნსაცავი 2019-06-18 0.60 624.012.4 რ-70 12335 2019-06-18 12335 2019-06-18 წიგნი 0.60 ლ.
          ტექნოლოგიური ფაკულტეტის ბიბლიოთეკა ტექნოლოგიური ფაკულტეტის ბიბლიოთეკა წიგნსაცავი 2019-06-18 0.60 624.012.4 რ-70 12336 2019-06-18 12336 2019-06-18 წიგნი 0.60 ლ.
          ტექნოლოგიური ფაკულტეტის ბიბლიოთეკა ტექნოლოგიური ფაკულტეტის ბიბლიოთეკა წიგნსაცავი 2019-06-18 0.60 624.012.4 რ-70 12337 2019-06-18 12337 2019-06-18 წიგნი 0.60 ლ.
          ტექნოლოგიური ფაკულტეტის ბიბლიოთეკა ტექნოლოგიური ფაკულტეტის ბიბლიოთეკა წიგნსაცავი 2019-06-18 0.60 624.012.4 რ-70 12338 2019-06-18 12338 2019-06-18 წიგნი 0.60 ლ.
          ტექნოლოგიური ფაკულტეტის ბიბლიოთეკა ტექნოლოგიური ფაკულტეტის ბიბლიოთეკა წიგნსაცავი 2019-06-18 0.60 624.012.4 რ-70 12339 2019-06-18 12339 2019-06-18 წიგნი 0.60 ლ.